Statistics for Bible Characters by Description #1

Click here to take the quiz!

General Stats

  • This quiz has been taken 106 times
    (102 since last reset)
  • The average score is 11 of 12

Answer Stats

DescriptionAnswer% Correct
Built the arkNoah
99%
Walked on waterJesus
98%
Baptized JesusJohn the Baptist
98%
Recieved the ten commandmentsMoses
98%
Fought a giantDavid
97%
Was swallowed by a giant fishJonah
97%
Killed AbelCain
95%
Slept in the lion's denDaniel
95%
His strength came from his hairSamson
94%
Denied JesusPeter
92%
Blinded on the road to DamascusPaul
72%
Fell from heavenSatan
66%

Score Distribution

Percentile by Number Answered

Percent of People with Each Score

Your Score History

You have not taken this quiz since the last reset